000 00511nam a2200181Ia 4500
008 151202s9999||||xx |||||||||||||| ||und||
082 _bPNVM-32286
100 _aभावे पु.भा.
245 _aवर्षाव.
260 _b"मेनका प्रकाशन,पुणे."
260 _c1977
300 _a203
600 _aभावे पु.भा.
630 _aवर्षाव.
700 _aभावे पु.भा.
730 _aवर्षाव.
942 _cBOOK
999 _c1298247
_d1298244